| 000 | 00411pam a2200157 a 4500 | ||
|---|---|---|---|
| 020 |
_a9781284030525 _c |
||
| 041 | _aeng | ||
| 082 |
_a617.3 _bROB/CHO |
||
| 100 | _aROBNET R.H., CHOP W. | ||
| 245 |
_aGERONTOLOGY FOR THE HEALTH CARE PROFESSIONAL _hTextual Documents |
||
| 250 | _a3. | ||
| 260 |
_a[s.l]: _bJONES & BARTEETT LEANNING, _c2015. |
||
| 300 |
_a420: _bXVIII; _cPB. |
||
| 930 | _a6993 | ||
| 999 |
_c801520 _d801520 |
||
| 650 | _aORTHO | ||